| 000 | 00462cam a2200181ua 4500 | ||
|---|---|---|---|
| 020 | _c25.00 | ||
| 041 |
_aeng _h |
||
| 082 |
_a420 _bHAL/SE |
||
| 100 | _aHall, Joseph . | ||
| 245 |
_aSelections from early middle English 1130-1250 / _cJoseph Hall. _hTextual Documents |
||
| 250 |
_a1 / _b. |
||
| 260 |
_aLondon : _bOxford at the Clarendon Press , _c1956. |
||
| 300 | _a ; . | ||
| 365 | _a25.00 | ||
| 504 | _a | ||
| 942 | _cBK | ||
| 999 |
_c12337 _d12337 |
||